| 000 | 00410cam a2200157ua 4500 | ||
|---|---|---|---|
| 041 |
_aeng _h |
||
| 082 |
_a950 _bLAT/SH |
||
| 100 | _aLatourette, Kenneth Scott . | ||
| 245 |
_aShort history of far east / _cKenneth Scott Latourette. _hTextual Documents |
||
| 250 |
_a4 / _b. |
||
| 260 |
_aNew York : _bMcMillan and company , _c1964. |
||
| 300 | _a776 ; . | ||
| 504 | _a | ||
| 942 | _cBK | ||
| 999 |
_c4413 _d4413 |
||